00382nam a2200145Ia 4500008004100000020001500041041001200056082001600068100002100084245007600105260002500181300000800206650000700214700001500221221030s9999 xx 000 0 und d a0074635913 aEnglish a105.23bEdm aJ. A. Edminister 0aTheory & Problems of Electric Circuitscby J. A. Edminister, N. Mohmood bTMHaNew Delhic1999 a468 aEE aN. Mohmood